Predznamenáva pokles indikátora ekonomického sentimentu spomalenie rastu slovenskej ekonomiky?
Uložené v:
| Hlavný autor: | |
|---|---|
| Ďalší autori: | |
| Médium: | Kapitola |
| Jazyk: | Slovak |
| Predmet: | |
| Tagy: |
Žiadne tagy, Buďte prvý, kto otaguje tento záznam!
|
MARC
| LEADER | 00000naa$a2200000$$$4500 | ||
|---|---|---|---|
| 001 | 0144576 | ||
| 005 | 20240527102659.4 | ||
| 041 | 0 | |a slo | |
| 044 | |a SK | ||
| 245 | 1 | 0 | |a Predznamenáva pokles indikátora ekonomického sentimentu spomalenie rastu slovenskej ekonomiky? |c Silvia Megyesiová, Matej Hudák |
| 500 | |a Abstrakt | ||
| 610 | 2 | 0 | |a priemysel |
| 610 | 2 | 0 | |a stavebníctvo |
| 610 | 2 | 0 | |a spotreba obyvateľstva |
| 610 | 2 | 0 | |a bariéry rastu hospodárskeho |
| 610 | 2 | 0 | |a vývoj hospodársky |
| 610 | 2 | 0 | |a Slovensko |
| 100 | 1 | |a Megyesiová, Silvia, 1969- | |
| 700 | 1 | |a Hudák, Matej, 1984- | |